000 00873ntm a2200229 i 4500
001 100519
003 ES-MaACL
005 20240518063035.0
007 t|
008 050929s1930 sp |||| | spa d
040 _cES-MaACL
100 1 _aMasriera, Víctor,
_978777
_d1875-1938
_eaut
245 1 0 _aMemoria leída en la reunión inaugural de la Sección de Artes Plásticas del Ateneo de Madrid, el día 7 de junio de 1930
_h[Manuscrito] /
_cpor el secretario primero de la sección D. Víctor Masriera.
260 _aMadrid :
_b[s.n.],
_c1930.
300 _a12 hojas ;
_c27 cm.
500 _aEjemplar mecanografiado
610 2 4 _aAteneo de Madrid.
_bSección de Artes Plásticas-
_vMemorias.
_91971
852 _aES-MaACL
_cDEPO
_dOlim: 1763-F-24
_jArmario 18
942 _cMANUSCRITO
_n0
999 _c100519
_d100519